|
|
|
|
| LEADER |
05384nam a22004333i 4500 |
| 001 |
EBC6695246 |
| 003 |
MiAaPQ |
| 005 |
20231204023218.0 |
| 006 |
m o d | |
| 007 |
cr cnu|||||||| |
| 008 |
231204s2014 xx o ||||0 ger d |
| 020 |
|
|
|a 9783839426494
|q (electronic bk.)
|
| 020 |
|
|
|z 9783837626490
|
| 035 |
|
|
|a (MiAaPQ)EBC6695246
|
| 035 |
|
|
|a (Au-PeEL)EBL6695246
|
| 035 |
|
|
|a (OCoLC)890000041
|
| 040 |
|
|
|a MiAaPQ
|b eng
|e rda
|e pn
|c MiAaPQ
|d MiAaPQ
|
| 100 |
1 |
|
|a Wille, Christian.
|
| 245 |
1 |
0 |
|a Räume und Identitäten in Grenzregionen :
|b Politiken - Medien - Subjekte.
|
| 250 |
|
|
|a 1st ed.
|
| 264 |
|
1 |
|a Bielefeld :
|b transcript,
|c 2014.
|
| 264 |
|
4 |
|c {copy}2014.
|
| 300 |
|
|
|a 1 online resource (396 pages)
|
| 336 |
|
|
|a text
|b txt
|2 rdacontent
|
| 337 |
|
|
|a computer
|b c
|2 rdamedia
|
| 338 |
|
|
|a online resource
|b cr
|2 rdacarrier
|
| 490 |
1 |
|
|a Kultur und soziale Praxis
|
| 505 |
0 |
|
|a Cover -- Inhalt -- 1. Zur Untersuchung von Raum- und Identitätskonstruktionen in Grenzregionen (Christian Wille und Rachel Reckinger) -- 2. Theoretische und methodische Annäherungen an Grenzen, Räume und Identitäten -- 2.1 Einsetzung, Überschreitung und Ausdehnung von Grenzen (Martin Doll und Johanna M. Gelberg) -- 2.2 Räume: Zugänge und Untersuchungsperspektiven (Christian Wille und Markus Hesse) -- 2.3 Identifikations- und Identifizierungsprozesse (Sonja Kmec und Rachel Reckinger) -- 2.4 Methodik und situative Interdisziplinarität (Christian Wille) -- 2.5 Literatur -- 3. Raum- und Identitätskonstruktionen durch institutionelle Praktiken -- 3.1 Politiken und Normierungen -- 3.2 Zur Konstruktion von Räumen der Un-/Sittlichkeit. Eine machtanalytische Perspektive auf die Problematisierung von Prostitution um 1900 (Heike Mauer) -- 3.3 Burgen als Instrumente herrschaftlicher Raumkonstruktion und Repräsentation. Das Beispiel der Grafschaft Vianden (Bernhard Kreutz) -- 3.4 Biogas - Macht - Raum. Zur Konstruktion von Energieregionen in Grenzräumen (Fabian Faller) -- 3.5 ›Souveränität‹ und ›Disziplin‹ in Medien. Zum Nutzen von Foucaults Gouvernementalitätstheorie am Beispiel einer Interdiskursanalyse zum Migrationsdiskurs in Luxemburg (Elena Kreutzer) -- 3.6 Schlussfolgerungen -- 3.7 Literatur -- 4. Raum- und Identitätskonstruktionen durch mediale Praktiken -- 4.1 Repräsentationen und Projektionen -- 4.2 Mehrsprachige Werbung und Regionalisierung in Luxemburg (Julia de Bres) -- 4.3 Die künstlerischen und kulturellen Einsätze der für den Kunstpreis Robert Schuman ausgewählten Werke: Ausstellungs- und Publikationsräume - Orte der Verwandlung und des künstlerischen und kulturellen Zwischenraumes? (Paul di Felice) -- 4.4 Die Schwelle von Ausstellungsorten: Zugang zur Welt der Kultur (Céline Schall).
|
| 505 |
8 |
|
|a 4.5 Literatur des Zwischenraums. Die mehrsprachigen Inszenierungen des Verlags ultimomondo (Till Dembeck) -- 4.6 »Mir gesinn eis dono op facebook« - Mediale (Selbst-)Inszenierungen luxemburgischer Jugendlicher als virtuelle Identitätskonstruktionen (Luc Belling) -- 4.7 Tankstellen als Zwischenräume I: Praktiken und Narrative (Sonja Kmec) -- 4.8 Tankstellen als Zwischenräume II: Transfiguration (Agnès Prüm) -- 4.9 Schlussfolgerungen -- 4.10 Literatur -- 5. Raum- und Identitätskonstruktionen durch alltagskulturelle Praktiken -- 5.1 Subjektivationen und Subjektivierungen -- 5.2 Alltagspraktiken nachhaltiger Ernährung aus der Perspektive von räumlichen Identifizierungen (Rachel Reckinger) -- 5.3 GenderRäume (Julia Maria Zimmermann und Christel Baltes-Löhr) -- 5.4 Identitätskonstruktionen und Regionalisierung am Beispiel des Totengedenkens im Treverergebiet (2./3. Jahrhundert n. Chr.): Familienidentitäten auf Grabmonumenten in Arlon (Andrea Binsfeld) -- 5.5 Arbeiterkolonien und ihre Bewohner/-innen: Raumkonstruktionen und kollektive Subjektkonstitution (Laure Caregari) -- 5.6 Periurbanes Luxemburg. Definition, Positionierung und diskursive Konstruktion suburbaner Räume an der Grenze zwischen Stadt und Land (Markus Hesse) -- 5.7 Das Erinnern an den Zweiten Weltkrieg in Luxemburg und den Grenzregionen seiner drei Nachbarstaaten (Eva Maria Klos und Benno Sönke Schulz) -- 5.8 Beyond Luxembourg. Raum- und Identitätskonstruktionen im Kontext grenzüberschreitender Wohnmigration (Christian Wille, Gregor Schnuer und Elisabeth Boesen) -- 5.9 Sprachliche Identifizierungen im luxemburgisch-deutschen Grenzraum (Heinz Sieburg und Britta Weimann) -- 5.10 Schlussfolgerungen -- 5.11 Literatur -- 6. »Luxemburg ist das Singapur des Westens« - ein Ausblick (Markus Hesse) -- 7. Interviewleitfaden -- 8. Autor/-innenverzeichnis.
|
| 588 |
|
|
|a Description based on publisher supplied metadata and other sources.
|
| 590 |
|
|
|a Electronic reproduction. Ann Arbor, Michigan : ProQuest Ebook Central, 2023. Available via World Wide Web. Access may be limited to ProQuest Ebook Central affiliated libraries.
|
| 655 |
|
4 |
|a Electronic books.
|
| 700 |
1 |
|
|a Reckinger, Rachel.
|
| 700 |
1 |
|
|a Kmec, Sonja.
|
| 700 |
1 |
|
|a Hesse, Markus.
|
| 776 |
0 |
8 |
|i Print version:
|a Wille, Christian
|t Räume und Identitäten in Grenzregionen
|d Bielefeld : transcript,c2014
|z 9783837626490
|
| 797 |
2 |
|
|a ProQuest (Firm)
|
| 830 |
|
0 |
|a Kultur und soziale Praxis
|
| 856 |
4 |
0 |
|u https://ebookcentral.proquest.com/lib/matrademy/detail.action?docID=6695246
|z Click to View
|